00577nam a22001697a 450000500170000001000150001702000260003203500130005803700130007108200080008410000190009224501160011126000500022727000630027730000270034050000400036720130607110841.0 aENG-107338 a9781897393505c295.00 aEN-90871 bDBAD/PUB a510 aRoyal, Brandon aThe little green math book :cby Brandon Royal b30 powerful principles for building math and numeracy skills / aGreater NoidabeVookz Learning Solutionc2011 a10, Parshwanath Edens, Sec-Alpha-IIbGreater Noidae110091 a235p.:c23cm(Hb)bill. aIncludes bibliographical references